[Event "Marseille op 6th"]
[Site "Marseille"]
[Date "2013.12.26"]
[Round "1"]
[White "Kaser, Simon"]
[Black "Petkov, Vladimir"]
[Result "0-1"]
[WhiteElo "1757"]
[BlackElo "2558"]
[PlyCount "60"]
[EventDate "2013.12.26"]
[EventType "swiss"]
[EventRounds "9"]
[EventCountry "FRA"]
[SourceTitle "CBM 158 Extra"]
[Source "ChessBase"]
[SourceDate "2014.02.28"]
[SourceVersion "1"]
[SourceVersionDate "2014.02.28"]
[SourceQuality "1"]

1. d4 Nf6 2. c4 Nc6 3. Nc3 e5 4. d5 Ne7 5. e4 Ng6 6. Bd3 Bc5 7. Nf3 d6 8. 0-0 a5 9. a3 Nh5 10. Rb1 Nhf4 11. b4 axb4 12. axb4 Bb6 13. Ne2 Qf6 14. Qc2 0-0 15. Ng3 Bg4 16. Ne1 Nh4 17. Be3 Nfxg2 18. Nxg2 Nxg2 19. Bxb6 cxb6 20. Be2 Bh3 21. Rfc1 Nf4 22. Bf1 Qh4 23. f3 Ra3 24. Rb3 Rxb3 25. Qxb3 h5 26. Qe3 Qg5 27. Kf2 Ra8 28. Bxh3 Nxh3+ 29. Ke2 Ra2+ 30. Kd3 Ra3+ 0-1

[Event "Marseille op 5th"]
[Site "Marseille"]
[Date "2012.12.26"]
[Round "1"]
[White "Arnaudov, Petar G"]
[Black "Kaser, Simon"]
[Result "1-0"]
[WhiteElo "2483"]
[BlackElo "1782"]
[PlyCount "49"]
[EventDate "2012.12.26"]
[EventType "swiss"]
[EventRounds "9"]
[EventCountry "FRA"]
[SourceTitle "EXT 2014"]
[Source "ChessBase"]
[SourceDate "2013.11.20"]
[SourceVersion "1"]
[SourceVersionDate "2013.11.20"]
[SourceQuality "1"]

1. Nf3 d5 2. c4 c6 3. g3 Nf6 4. Bg2 e6 5. 0-0 Bd6 6. d4 0-0 7. Nc3 Nbd7 8. Nd2 dxc4 9. Nxc4 Bc7 10. e4 e5 11. d5 cxd5 12. exd5 Nb6 13. Ne3 Qe7 14. a4 Bd7 15. b3 Rfd8 16. a5 Nc8 17. a6 Nd6 18. axb7 Rab8 19. Rxa7 Bb6 20. Ra6 Rxb7 21. Ba3 Bc7 22. Nc4 Bb5 23. Nxb5 Rxb5 24. Ra7 Rd7 25. Rxc7 1-0

[Event "Marseille op 2nd "]
[Site "Marseille"]
[Date "2009.12.27"]
[Round "3"]
[White "Chauvet, Vincent"]
[Black "Kaser, Simon"]
[Result "1-0"]
[WhiteElo "1955"]
[BlackElo "1691"]
[PlyCount "55"]
[EventDate "2009.12.26"]
[EventType "swiss"]
[EventRounds "9"]
[EventCountry "FRA"]
[SourceTitle "CBM 134 Extra"]
[Source "ChessBase"]
[SourceDate "2010.03.03"]
[SourceVersion "1"]
[SourceVersionDate "2010.03.03"]
[SourceQuality "1"]

1. e4 c5 2. Nf3 Nc6 3. Bb5 d6 4. 0-0 Nf6 5. Re1 Qc7 6. c3 e5 7. d4 cxd4 8. cxd4 a6 9. Ba4 b5 10. Bb3 Bg4 11. d5 Nd4 12. Nbd2 Be7 13. h3 Bh5 14. g4 Nxf3+ 15. Qxf3 Bg6 16. Nf1 Nd7 17. Bd2 0-0 18. Rac1 Nc5 19. Bc2 Qd8 20. b4 Nd7 21. Bb3 Rc8 22. Qd3 Qb6 23. Be3 Qb7 24. Re2 Nb6 25. Rec2 Rxc2 26. Rxc2 h6 27. Rc6 Nd7 28. Qc2 1-0

[Event "Cesky Krumlov op 2nd"]
[Site "Cesky Krumlov"]
[Date "2008.10.12"]
[Round "3"]
[White "Kaser, Simon"]
[Black "Kral, Ladislav"]
[Result "1-0"]
[WhiteElo "1623"]
[BlackElo "1766"]
[PlyCount "75"]
[EventDate "2008.10.11"]
[EventType "swiss"]
[EventRounds "9"]
[EventCountry "CZE"]
[SourceTitle "CBM 126 Extra"]
[Source "ChessBase"]
[SourceDate "2008.11.05"]
[SourceVersion "1"]
[SourceVersionDate "2008.11.05"]
[SourceQuality "1"]

1. e4 e6 2. d4 d5 3. exd5 exd5 4. Nf3 Nf6 5. Be2 Bd6 6. Nc3 Bf5 7. Bg5 c6 8. 0-0 0-0 9. Re1 Bc7 10. Ne5 h6 11. Bh4 g5 12. Bg3 Nbd7 13. Nxd7 Qxd7 14. Bxc7 Qxc7 15. Bd3 Bxd3 16. Qxd3 Rae8 17. Re2 Rxe2 18. Nxe2 Re8 19. Ng3 Qe7 20. Nf5 Qe1+ 21. Rxe1 Rxe1+ 22. Qf1 Rxf1+ 23. Kxf1 h5 24. Nd6 b6 25. Nc8 Nd7 26. Ne7+ Kf8 27. Nxc6 a5 28. Ke2 f5 29. Ne5 Nf6 30. f3 Ke7 31. Kd3 h4 32. c4 Ke6 33. cxd5+ Nxd5 34. Kd2 f4 35. Nc4 Ne3 36. Nxe3 fxe3+ 37. Kxe3 Kd5 38. g3 1-0